|
|
|
|
| LEADER |
00627nam#a2200217#a#4500 |
| 001 |
002780 |
| 005 |
20160721142551.0 |
| 008 |
960715s1975####it##################spa#d |
| 040 |
|
|
|a AR-beUNQ
|
| 099 |
|
|
|a 13-A7
|
| 100 |
1 |
|
|a Akesson, Norman B
|
| 245 |
0 |
3 |
|a El empleo de aeronaves en la agricultura
|c Norman B. Akesson, Wessley E. Yates.
|
| 260 |
|
|
|a Roma :
|b FAO,
|c 1975
|
| 300 |
|
|
|a 227 p. :
|b il., gráficos, tablas
|
| 490 |
0 |
|
|a FAO : cuadernos de fomento agropecuario ;
|v v. 94
|
| 650 |
|
7 |
|a AGRICULTURA
|2 Spines
|
| 650 |
|
7 |
|a AVIONES
|2 Spines
|
| 700 |
1 |
|
|a Yates, Wessley E
|
| 929 |
|
|
|j 16964
|
| 942 |
|
|
|c LIB
|n 0
|
| 999 |
|
|
|c 5573
|d 80960
|